UM Logo

Fundamentals of corporate finance/ (Record no. 4877)

MARC details
000 -LEADER
fixed length control field 01514cam a22003614a 4500
001 - CONTROL NUMBER
control field 12031188
005 - DATE AND TIME OF LATEST TRANSACTION
control field 20160928114253.0
008 - FIXED-LENGTH DATA ELEMENTS--GENERAL INFORMATION
fixed length control field 000605s2001 mau b 001 0 eng
010 ## - LIBRARY OF CONGRESS CONTROL NUMBER
LC control number 00042711
020 ## - INTERNATIONAL STANDARD BOOK NUMBER
International Standard Book Number 007233777X (acidfree paper)
020 ## - INTERNATIONAL STANDARD BOOK NUMBER
International Standard Book Number 0072416270
020 ## - INTERNATIONAL STANDARD BOOK NUMBER
International Standard Book Number 0071180281 (International ed.)
040 ## - CATALOGING SOURCE
Original cataloging agency DLC
Transcribing agency DLC
Modifying agency DLC
042 ## - AUTHENTICATION CODE
Authentication code pcc
050 00 - LIBRARY OF CONGRESS CALL NUMBER
Classification number HG4026
Item number .B6668 2001
082 00 - DEWEY DECIMAL CLASSIFICATION NUMBER
Classification number DC 658.15
Edition number 2001
Item number B74f
100 1# - MAIN ENTRY--PERSONAL NAME
Personal name Brealey, Richard A.
245 10 - TITLE STATEMENT
Title Fundamentals of corporate finance/
Statement of responsibility, etc. Richard A. Brealey, Stewart C. Myers and Alan J. Marcus.
250 ## - EDITION STATEMENT
Edition statement 3rd edition
260 ## - PUBLICATION, DISTRIBUTION, ETC. (IMPRINT)
Place of publication, distribution, etc. Boston:
Name of publisher, distributor, etc. McGraw-Hill/Irwin,
Date of publication, distribution, etc. c2001.
300 ## - PHYSICAL DESCRIPTION
Extent xxxi, 798 pages:
Other physical details illustrations;
Dimensions 27 cm.
Accompanying material
490 1# - SERIES STATEMENT
Series statement The McGraw-Hill/Irwin series in finance, insurance, and real estate
504 ## - BIBLIOGRAPHY, ETC. NOTE
Bibliography, etc Includes bibliographical references and index.
538 ## - SYSTEM DETAILS NOTE
System details note System requirements for accompanying computer disc: Microsoft Windows 95 or higher, Microsoft Excel 97 or higher, and either Netscape Navigator 4.0 or higher, or Microsoft Internet Explorer 4.0 or higher.
650 00 - SUBJECT ADDED ENTRY--TOPICAL TERM
Topical term or geographic name as entry element Corporations
General subdivision Finance.
700 ## - ADDED ENTRY--PERSONAL NAME
Personal name Myers, Stewart C.
9 (RLIN) 15383
Relator term Author
700 ## - ADDED ENTRY--PERSONAL NAME
Personal name Marcus, Alan J.
9 (RLIN) 15384
Relator term Author
830 #0 - SERIES ADDED ENTRY--UNIFORM TITLE
Uniform title Irwin series in finance, insurance, and real estate.
365 ## - TRADE PRICE
Price amount 595.00
Currency code Php
906 ## - LOCAL DATA ELEMENT F, LDF (RLIN)
a 7
b cbc
c orignew
d 1
e ocip
f 20
g y-gencatlg
942 ## - ADDED ENTRY ELEMENTS (KOHA)
Source of classification or shelving scheme Dewey Decimal Classification
Koha item type Circulation
Holdings
Withdrawn status Lost status Source of classification or shelving scheme Damaged status Not for loan Collection code Home library Current library Date acquired Total Checkouts Full call number Barcode Date last seen Price effective from Koha item type
    Dewey Decimal Classification     Circulation UM Digos College - LIC UM Digos College - LIC 09/28/2016   DC 658.15 B74f 2001 16752 06/08/2021 09/28/2016 Circulation